<?xml version="1.0" encoding="UTF-8"?>
<record
    xmlns:xsi="http://www.w3.org/2001/XMLSchema-instance"
    xsi:schemaLocation="http://www.loc.gov/MARC21/slim http://www.loc.gov/standards/marcxml/schema/MARC21slim.xsd"
    xmlns="http://www.loc.gov/MARC21/slim">

  <leader>01661nam a22001697a 4500</leader>
  <datafield tag="999" ind1=" " ind2=" ">
    <subfield code="c">520610</subfield>
    <subfield code="d">520610</subfield>
  </datafield>
  <controlfield tag="008">220927b           ||||| |||| 00| 0 eng d</controlfield>
  <datafield tag="100" ind1=" " ind2=" ">
    <subfield code="a">Pulikkamath, Ashraf and  Palathara, Tiny S.  </subfield>
    <subfield code="9">35032</subfield>
  </datafield>
  <datafield tag="245" ind1=" " ind2=" ">
    <subfield code="a">Distinct population patterns and growth trends: Evidence from Kerala </subfield>
  </datafield>
  <datafield tag="260" ind1=" " ind2=" ">
    <subfield code="a">Nagarlok </subfield>
  </datafield>
  <datafield tag="300" ind1=" " ind2=" ">
    <subfield code="a">54(2), Jun, 2022: p.1-18</subfield>
  </datafield>
  <datafield tag="520" ind1=" " ind2=" ">
    <subfield code="a">Urbanisation is closely related to the three dimensions of development: economic, societal and environmental. There is a strong consensus that urbanisation is critically important to global development, but there is considerable confusion over what urbanisation actually is and how the ideas are to be conceived. Generally, urbanisation is tied up with economic and infrastructural advancement and thereby people preferred to stay at such places, resulting in large urban places, that we call metropolitan cities today. However, this idea need not hold true in all circumstances as there are other alternative models of urbanisation coming up. Kerala postulated a different model of urbanisation and it has now attracted the world by its urban agglomerations hitting the tag &#x2018;world fastest growing&#x2019; in demographic terms. Therefore, the absence of polar urbanisation and the population-based urbanisation trend is the core of discussion in this paper. In addition, it compares the state patterns in urbanisation with those of metropolises in India. &#x2013; Reproduced </subfield>
  </datafield>
  <datafield tag="650" ind1=" " ind2=" ">
    <subfield code="a">Urbanisation, Urban agglomeration, Census, Conurbation, Kerala.</subfield>
    <subfield code="9">33422</subfield>
  </datafield>
  <datafield tag="773" ind1=" " ind2=" ">
    <subfield code="a">Nagarlok </subfield>
  </datafield>
  <datafield tag="856" ind1=" " ind2=" ">
    <subfield code="u">https://www.iipa.org.in/cms/public/uploads/112021658912567.pdf</subfield>
  </datafield>
  <datafield tag="906" ind1=" " ind2=" ">
    <subfield code="a">URBAN DEVELOPMENT</subfield>
  </datafield>
  <datafield tag="942" ind1=" " ind2=" ">
    <subfield code="c">AR</subfield>
  </datafield>
  <datafield tag="952" ind1=" " ind2=" ">
    <subfield code="0">0</subfield>
    <subfield code="1">0</subfield>
    <subfield code="2">ddc</subfield>
    <subfield code="4">0</subfield>
    <subfield code="7">0</subfield>
    <subfield code="9">394667</subfield>
    <subfield code="a">IIPA</subfield>
    <subfield code="b">IIPA</subfield>
    <subfield code="d">2022-09-27</subfield>
    <subfield code="h">54(2), Jun, 2022: p.1-18</subfield>
    <subfield code="p">AR127193</subfield>
    <subfield code="r">2022-09-27</subfield>
    <subfield code="y">AR</subfield>
  </datafield>
</record>
